[Event "164 Stay Safe Play From Home"]
[Site "T#646250Emanuel Laske"]
[Date "2020.05.22"]
[Round "6"]
[White "Fischer_11"]
[Black "Mepe_Nika"]
[Result "1-0"]
[WhiteElo "2072"]
[BlackElo "2380"]
[Annotator "NA RC"]
[PlyCount "101"]
[EventDate "2020.05.22"]
[EventType "swiss (blitz)"]

1. e4 {[%emt 0:00:06]} e5 {[%emt 0:00:01]} 2. Nc3 {[%emt 0:00:01]} Nf6 {[%emt 0:00:02]} 3. Bc4 {[%emt 0:00:00]} Nc6 {[%emt 0:00:02]} 4. d3 {[%emt 0:00:01]} Na5 {[%emt 0:00:01]} 5. Bb5 {[%emt 0:00:01]} a6 {[%emt 0:00:01]} 6. Ba4 {[%emt 0:00:00]} b5 {[%emt 0:00:01]} 7. Bb3 {[%emt 0:00:00]} Nxb3 {[%emt 0:00:01]} 8. axb3 {[%emt 0:00:00]} Bc5 {[%emt 0:00:01]} 9. f4 {[%emt 0:00:01]} d6 {[%emt 0:00:01]} 10. Nf3 {[%emt 0:00:01]} Bg4 {[%emt 0:00:04]} 11. h3 {[%emt 0:00:00]} Bd7 {[%emt 0:00:03]} 12. fxe5 {[%emt 0:00:02]} dxe5 {[%emt 0:00:02]} 13. Nxe5 {[%emt 0:00:00]} O-O {[%emt 0:00:01]} 14. Nxd7 {[%emt 0:00:01]} Qxd7 {[%emt 0:00:01]} 15. Qe2 {[%emt 0:00:01]} Rfe8 {[%emt 0:00:03]} 16. Be3 {[%emt 0:00:02]} Bd4 {[%emt 0:00:02]} 17. O-O {[%emt 0:00:04]} c5 {[%emt 0:00:02]} 18. Qf2 {[%emt 0:00:03]} b4 {[%emt 0:00:03]} 19. Bxd4 {[%emt 0:00:04]} cxd4 {[%emt 0:00:01]} 20. Ne2 {[%emt 0:00:03]} Red8 {[%emt 0:00:01]} 21. e5 {[%emt 0:00:02]} Nd5 {[%emt 0:00:01]} 22. Qxd4 {[%emt 0:00:02]} a5 {[%emt 0:00:01]} 23. Qe4 {[%emt 0:00:03]} Ne7 {[%emt 0:00:01]} 24. d4 {[%emt 0:00:01]} Ng6 {[%emt 0:00:01]} 25. c3 {[%emt 0:00:02]} bxc3 {[%emt 0:00:01]} 26. bxc3 {[%emt 0:00:00]} Rab8 {[%emt 0:00:00]} 27. Rab1 {[%emt 0:00:03]} a4 {[%emt 0:00:02]} 28. bxa4 {[%emt 0:00:02]} Qxa4 {[%emt 0:00:00]} 29. Rxb8 {[%emt 0:00:01]} Rxb8 {[%emt 0:00:00]} 30. Qf3 {[%emt 0:00:01]} Qc4 {[%emt 0:00:01]} 31. Nf4 {[%emt 0:00:03]} Nh4 {[%emt 0:00:02]} 32. Qf2 {[%emt 0:00:01]} Nf5 {[%emt 0:00:01]} 33. d5 {[%emt 0:00:01]} g6 {[%emt 0:00:02]} 34. e6 {[%emt 0:00:00]} fxe6 {[%emt 0:00:02]} 35. dxe6 {[%emt 0:00:00]} Re8 {[%emt 0:00:03]} 36. Nxg6 {[%emt 0:00:00]} hxg6 {[%emt 0:00:01]} 37. g4 {[%emt 0:00:00]} Qxc3 {[%emt 0:00:04]} 38. gxf5 {[%emt 0:00:01]} Qf6 {[%emt 0:00:00]} 39. Qg2 {[%emt 0:00:00]} g5 {[%emt 0:00:01]} 40. Rf3 {[%emt 0:00:00]} Kg7 {[%emt 0:00:00]} 41. Rg3 {[%emt 0:00:00]} Kf8 {[%emt 0:00:01]} 42. Rxg5 {[%emt 0:00:00]} Ke7 {[%emt 0:00:00]} 43. Rg7+ {[%emt 0:00:00]} Kd6 {[%emt 0:00:00]} 44. Rf7 {[%emt 0:00:00]} Ke5 {[%emt 0:00:00]} 45. Rxf6 {[%emt 0:00:00]} Kxf6 {[%emt 0:00:00]} 46. Qf2 {[%emt 0:00:00]} Ke5 {[%emt 0:00:00]} 47. Qg3+ {[%emt 0:00:00]} Kf6 {[%emt 0:00:01]} 48. Qg2 {[%emt 0:00:00]} Ke5 {[%emt 0:00:00]} 49. h4 {[%emt 0:00:00]} Kd6 {[%emt 0:00:01]} 50. Kh2 {[%emt 0:00:00]} Rg8 {[%emt 0:00:00]} 51. Qg3+ {[%emt 0:00:00] Time (Lag: Av=0.33s, max=0.9s)} 1-0

[Event "164 Stay Safe Play From Home"]
[Site "T#646250Emanuel Laske"]
[Date "2020.05.22"]
[Round "6"]
[White "Haxhi Baha"]
[Black "Toosieslide"]
[Result "0-1"]
[WhiteElo "1942"]
[BlackElo "2235"]
[Annotator "TA"]
[PlyCount "44"]
[EventDate "2020.05.22"]
[EventType "swiss (blitz)"]

{[%evp 9,44,-112,-105,-116,-119,-133,-114,-135,-148,-239,-227,-236,-240,-765,-759,-761,-750,-794,-778,-783,-757,-749,-738,-844,-851,-821,-839,-821,-804,-804,-807,-861,-859,-1048,-1055,-1023,-1017]} 1. e4 e5 2. f4 exf4 3. Bc4 Nf6 4. Nf3 Nc6 5. d4 {[#]} Nxe4 $146 ({Predecessor:} 5... d5 6. exd5 Nxd5 7. Bxd5 Qxd5 8. O-O Bg4 9. Nc3 Bxf3 10. Nxd5 Bxd1 11. Nxc7+ Kd7 12. Bxf4 Bxc2 13. Nxa8 Nxd4 {1-0 (24) Bennion,D (1965)-De Coverly,R (2082) Colwyn Bay 2016}) 6. Bxf4 {C33: King's Gambit Accepted: 3 Nc3 and 3 Bc4.} d5 7. Bd3 Bd6 8. Be3 {Black is better.} O-O 9. c3 (9. O-O $17 {might work better.}) 9... Re8 $19 {...Bf4! is the strong threat.} 10. O-O {[#]} Nxc3 $1 {[%mdl 512]} 11. Bg5 $2 (11. Nxc3 Rxe3 12. Nxd5 Bxh2+ {[%mdl 64] Discovered Attack} 13. Kxh2 Qxd5 14. Qd2 Qd6+ 15. Kg1) 11... Nxd1 {Black is clearly winning.} 12. Bxd8 Nxb2 13. Bc2 Rxd8 14. Nc3 h6 15. Nxd5 Nc4 16. Nc3 {[#]} Nxd4 $1 17. Nxd4 Bc5 18. Nce2 Bxd4+ 19. Nxd4 Rxd4 20. Bb3 Be6 21. Rae1 Nd2 22. Bxe6 Nxf1 {White did not feel at home in the position after the opening. Accuracy: White = 43%, Black = 100%.} 0-1

[Event "164 Stay Safe Play From Home"]
[Site "T#646250Emanuel Laske"]
[Date "2020.05.22"]
[Round "6"]
[White "Klausen"]
[Black "Trotsky"]
[Result "1-0"]
[WhiteElo "1803"]
[BlackElo "1606"]
[Annotator "NA RC"]
[PlyCount "51"]
[EventDate "2020.05.22"]
[EventType "swiss (blitz)"]

1. Nf3 {[%emt 0:00:02]} d5 {[%emt 0:00:05]} 2. d4 {[%emt 0:00:01]} c6 {[%emt 0:00:01]} 3. e3 {[%emt 0:00:02]} e5 {[%emt 0:00:01]} 4. Nxe5 {[%emt 0:00:03]} Bd6 {[%emt 0:00:02]} 5. f4 {[%emt 0:00:02]} Bf5 {[%emt 0:00:01]} 6. Bd3 {[%emt 0:00:02]} c5 {[%emt 0:00:02]} 7. Bxf5 {[%emt 0:00:02]} c4 {[%emt 0:00:02]} 8. O-O {[%emt 0:00:02]} Nf6 {[%emt 0:00:01]} 9. c3 {[%emt 0:00:03]} Nc6 {[%emt 0:00:01]} 10. Nd2 {[%emt 0:00:02]} Qc7 {[%emt 0:00:01]} 11. Ndf3 {[%emt 0:00:02]} g6 {[%emt 0:00:04]} 12. Bc2 {[%emt 0:00:02]} O-O-O {[%emt 0:00:01]} 13. Ng5 {[%emt 0:00:02]} Nxe5 {[%emt 0:00:02]} 14. fxe5 {[%emt 0:00:02]} Bxe5 {[%emt 0:00:00]} 15. dxe5 {[%emt 0:00:02]} Qxe5 {[%emt 0:00:01]} 16. Nxf7 {[%emt 0:00:01]} Qc7 {[%emt 0:00:01]} 17. Nxh8 {[%emt 0:00:02]} Rxh8 {[%emt 0:00:01]} 18. Rxf6 {[%emt 0:00:02]} h5 {[%emt 0:00:02]} 19. Qf3 {[%emt 0:00:02]} h4 {[%emt 0:00:03]} 20. Rf8+ {[%emt 0:00:02]} Rxf8 {[%emt 0:00:02]} 21. Qxf8+ {[%emt 0:00:03]} Qd8 {[%emt 0:00:01]} 22. Qc5+ {[%emt 0:00:04]} Kb8 {[%emt 0:00:01]} 23. e4 {[%emt 0:00:03]} dxe4 {[%emt 0:00:05]} 24. Bf4+ {[%emt 0:00:01]} Ka8 {[%emt 0:00:02]} 25. Rd1 {[%emt 0:00:01]} Qe7 {[%emt 0:00:02]} 26. Qc8# {[%emt 0:00:02] (Lag: Av=0.21s, max=0.6s)} 1-0

[Event "164 Stay Safe Play From Home"]
[Site "T#646250Emanuel Laske"]
[Date "2020.05.22"]
[Round "6"]
[White "Tavares"]
[Black "SoulofWolf"]
[Result "0-1"]
[WhiteElo "1792"]
[BlackElo "2107"]
[Annotator "TA"]
[PlyCount "56"]
[EventDate "2020.05.22"]
[EventType "swiss (blitz)"]

{[%evp 9,56,91,175,147,223,68,196,172,177,-318,-321,-309,-250,-278,-247,-323,-339,-756,-748,-716,-652,-602,457,451,448,452,529,121,635,162,197,185,197,191,176,-803,-795,-781,-772,-1246,-748,-746,-738,-772,-764,-1615,-815,-1764,-1747]} 1. e4 c5 2. Nf3 e6 3. d4 a6 4. d5 b5 5. c4 {[#]} bxc4 $146 (5... d6 $16) ({Predecessor:} 5... b4 6. Bd3 Be7 7. O-O d6 8. a3 bxa3 9. Nxa3 Nf6 10. Qa4+ Bd7 11. Qb3 Qc7 {1-0 (76) Wagner,J (1731)-Knoeppel,P (1774) GER email 2006}) 6. Nc3 {B40: Sicilian: 2...e6, Unusual lines.} exd5 (6... d6 $16 7. e5 (7. Bxc4 e5 $16) 7... dxe5) 7. exd5 $2 (7. Qxd5 $18 Nc6 8. Bxc4) 7... Bd6 (7... d6 $1 $14) 8. Ne4 {White is clearly better.} Qe7 {Strongly threatening ...Nf6.} 9. Bxc4 $4 {[%mdl 8192]} (9. Qe2 $18 Kf8 10. Nfd2) 9... Qxe4+ $19 10. Be2 Nf6 11. O-O O-O ({And not} 11... Nxd5 12. Re1 $14) 12. Bd3 Qxd5 13. Bxh7+ $2 (13. Bg5 Bb7 14. Bxf6 gxf6 15. Re1) 13... Kxh7 14. Qc2+ g6 15. Rd1 Qe6 $4 {[%mdl 8192]} (15... Qc6 $19 {avoids the disaster.} 16. Qd2 Bc7) 16. Ng5+ $18 {[%mdl 64] Double Attack} Kg8 17. Nxe6 dxe6 18. Bh6 $2 (18. Rxd6 $18 {and the rest is easy.} Nbd7 19. b3) 18... Rd8 $2 {[%mdl 8192] [#]} (18... Be7 $16) 19. Qc3 $2 (19. Rxd6 $1 {[%mdl 512]} Rxd6 20. Qxc5 {[%mdl 64] Double Attack}) 19... Be7 20. Rxd8+ Bxd8 {[#]} 21. Rd1 $1 $40 {[%cal Rd1d8][%mdl 128] White wants a kill.} ({Less strong is} 21. Qxc5 Nbd7 $14) 21... Be7 22. Qxc5 $4 {[%mdl 8192]} (22. Bg5 $18 Kg7 23. Qh3) 22... Bxc5 $19 {Black is clearly winning.} 23. Rd8+ Kh7 24. Bg5 Kg7 25. Rxc8 Bd6 26. h4 Ra7 27. Rc6 Rd7 28. Be3 Nxc6 {Quite a comeback for Black. Accuracy: White = 33%, Black = 23%.} 0-1

[Event "164 Stay Safe Play From Home"]
[Site "T#646250Emanuel Laske"]
[Date "2020.05.22"]
[Round "6"]
[White "Emresenar"]
[Black "Lazieri3"]
[Result "0-1"]
[WhiteElo "1723"]
[BlackElo "2087"]
[Annotator "TA"]
[PlyCount "68"]
[EventDate "2020.05.22"]
[EventType "swiss (blitz)"]

{[%evp 9,68,8,16,10,25,27,59,0,0,-2,10,-27,-28,-59,-43,-43,-43,-45,-40,-50,-36,-87,-86,-87,-90,-88,-74,-237,-261,-526,-518,-663,-624,-671,-618,-603,-563,-611,-608,-702,-698,-824,-632,-820,-810,-1750,-1739,-2469,-1145,-958,-1038,-29978,-29975,-29982,-29983,-29984,-29985,-29985,-29986,-29986,-29987]} 1. e4 c6 2. Nf3 d5 3. exd5 cxd5 4. d4 Nc6 5. Bb5 Nf6 6. O-O {B13: Caro-Kann: Exchange Variation and Panov-Botvinnik Attack.} Bd7 7. Re1 e6 8. Bxc6 (8. c3 $14) 8... Bxc6 $11 9. Ne5 Bd6 {[#]} (9... Be7 {seems wilder.} 10. a4 Nd7 11. Nxd7 Qxd7 12. b3 O-O) 10. Nxc6 $146 ({Predecessor:} 10. Bf4 O-O 11. Nd2 Bb5 12. Re3 Rc8 13. a4 Ba6 14. c3 Ne8 15. Qg4 Qe7 16. Rh3 {1-0 (46) Fuentes Arjona,A (2221)-Lerida Macareno,C ICCF email 2013}) 10... bxc6 11. Bg5 h6 12. Bxf6 Qxf6 13. c3 O-O 14. Nd2 c5 15. Qf3 (15. Nf3 $15) 15... cxd4 $17 16. Qxf6 gxf6 17. cxd4 Rfc8 18. Rac1 $2 {[#] Now White is beyond hope.} (18. Rec1 $17) 18... Bb4 $19 19. Rxc8+ $2 (19. Rcd1 {is the only way for White.}) 19... Rxc8 20. Rd1 Bxd2 {[%mdl 4096] Endgame KRB-KR} 21. Kf1 Bb4 22. a3 Bd6 23. b4 Rc2 24. Ke1 Ra2 25. Rd3 a5 {[%cal Ba7a5,Ba5a4,Ba4a3][%mdl 32]} 26. b5 Rxa3 27. Rxa3 Bxa3 {KB-KP} 28. Kd2 Bd6 29. Kc3 a4 30. Kb2 e5 {Black mates.} 31. dxe5 fxe5 32. b6 d4 33. b7 a3+ 34. Ka2 d3 {Accuracy: White = 33%, Black = 87%.} 0-1

[Event "164 Stay Safe Play From Home"]
[Site "T#646250Emanuel Laske"]
[Date "2020.05.22"]
[Round "7"]
[White "Rogan"]
[Black "Tavares"]
[Result "1-0"]
[WhiteElo "2248"]
[BlackElo "1788"]
[Annotator "RC"]
[PlyCount "23"]
[EventDate "2020.05.22"]
[EventType "swiss (blitz)"]

1. d4 {[%emt 0:00:01]} Nf6 {[%emt 0:00:01]} 2. c3 {[%emt 0:00:00]} g6 {[%emt 0:00:01]} 3. Bg5 {[%emt 0:00:00]} Bg7 {[%emt 0:00:01]} 4. Bxf6 {[%emt 0:00:01]} Bxf6 {[%emt 0:00:00]} 5. h4 {[%emt 0:00:00]} d6 {[%emt 0:00:01]} 6. h5 {[%emt 0:00:00]} O-O {[%emt 0:00:01]} 7. hxg6 {[%emt 0:00:00]} hxg6 {[%emt 0:00:00]} 8. Qd2 {[%emt 0:00:00]} Re8 {[%emt 0:00:03]} 9. Qh6 {[%emt 0:00:01]} Nc6 {[%emt 0:00:02]} 10. Nf3 {[%emt 0:00:01]} e5 {[%emt 0:00:01]} 11. Ng5 {[%emt 0:00:02]} e4 {[%emt 0:00:07]} 12. Qh7+ {[%emt 0:00:02] Tavares resigns (Lag: Av=0.69s, max=1.1s)} 1-0

[Event "164 Stay Safe Play From Home"]
[Site "T#646250Emanuel Laske"]
[Date "2020.05.22"]
[Round "7"]
[White "Toosieslide"]
[Black "BrainThinker22"]
[Result "1-0"]
[WhiteElo "2240"]
[BlackElo "2248"]
[Annotator "NA RC"]
[PlyCount "117"]
[EventDate "2020.05.22"]
[EventType "swiss (blitz)"]

1. d4 {[%emt 0:00:02]} c5 {[%emt 0:00:01]} 2. d5 {[%emt 0:00:01]} e5 {[%emt 0:00:01]} 3. dxe6 {[%emt 0:00:01]} fxe6 {[%emt 0:00:01]} 4. e4 {[%emt 0:00:00]} Nc6 {[%emt 0:00:03]} 5. Nc3 {[%emt 0:00:01]} Nf6 {[%emt 0:00:01]} 6. Be3 {[%emt 0:00:01]} Be7 {[%emt 0:00:01]} 7. Bc4 {[%emt 0:00:02]} O-O {[%emt 0:00:01]} 8. Nf3 {[%emt 0:00:01]} a6 {[%emt 0:00:01]} 9. a4 {[%emt 0:00:02]} Kh8 {[%emt 0:00:03]} 10. O-O {[%emt 0:00:01]} Ng4 {[%emt 0:00:01]} 11. Bd2 {[%emt 0:00:04]} Nge5 {[%emt 0:00:01]} 12. Nxe5 {[%emt 0:00:02]} Nxe5 {[%emt 0:00:00]} 13. Be2 {[%emt 0:00:00]} d5 {[%emt 0:00:03]} 14. f4 {[%emt 0:00:01]} Ng6 {[%emt 0:00:01]} 15. exd5 {[%emt 0:00:01]} exd5 {[%emt 0:00:00]} 16. Be1 {[%emt 0:00:02]} d4 {[%emt 0:00:01]} 17. Ne4 {[%emt 0:00:01]} Nxf4 {[%emt 0:00:00]} 18. Bf3 {[%emt 0:00:02]} Bf5 {[%emt 0:00:04]} 19. Bg3 {[%emt 0:00:01]} Bxe4 {[%emt 0:00:01]} 20. Bxe4 {[%emt 0:00:01]} Ne6 {[%emt 0:00:00]} 21. Qh5 {[%emt 0:00:01]} Ng5 {[%emt 0:00:04]} 22. Bf5 {[%emt 0:00:01]} Rxf5 {[%emt 0:00:03]} 23. Rxf5 {[%emt 0:00:02]} g6 {[%emt 0:00:00]} 24. Be5+ {[%emt 0:00:04]} Kg8 {[%emt 0:00:01]} 25. Qh6 {[%emt 0:00:01]} Bf8 {[%emt 0:00:17]} 26. Qxg5 {[%emt 0:00:01]} Qd5 {[%emt 0:00:02]} 27. Raf1 {[%emt 0:00:04]} Re8 {[%emt 0:00:03]} 28. Rxf8+ {[%emt 0:00:01]} Rxf8 {[%emt 0:00:01]} 29. Rxf8+ {[%emt 0:00:00]} Kxf8 {[%emt 0:00:00]} 30. Bg7+ {[%emt 0:00:00]} Kxg7 {[%emt 0:00:01]} 31. Qxd5 {[%emt 0:00:00]} Kh6 {[%emt 0:00:00]} 32. Qxc5 {[%emt 0:00:01]} g5 {[%emt 0:00:00]} 33. Qxd4 {[%emt 0:00:00]} Kh5 {[%emt 0:00:00]} 34. Qd7 {[%emt 0:00:01]} h6 {[%emt 0:00:00]} 35. Qxb7 {[%emt 0:00:00]} Kg6 {[%emt 0:00:00]} 36. Qxa6+ {[%emt 0:00:00]} Kh5 {[%emt 0:00:00]} 37. Qb5 {[%emt 0:00:00]} Kh4 {[%emt 0:00:00]} 38. a5 {[%emt 0:00:00]} h5 {[%emt 0:00:00]} 39. a6 {[%emt 0:00:01]} g4 {[%emt 0:00:00]} 40. Qxh5+ {[%emt 0:00:01]} Kxh5 {[%emt 0:00:01]} 41. a7 {[%emt 0:00:00]} Kg5 {[%emt 0:00:00]} 42. a8=Q {[%emt 0:00:01]} Kh4 {[%emt 0:00:00]} 43. Qg8 {[%emt 0:00:01]} Kh5 {[%emt 0:00:01]} 44. Qxg4+ {[%emt 0:00:00]} Kxg4 {[%emt 0:00:00]} 45. b4 {[%emt 0:00:02]} Kf5 {[%emt 0:00:00]} 46. b5 {[%emt 0:00:00]} Ke6 {[%emt 0:00:00]} 47. h4 {[%emt 0:00:00]} Kd6 {[%emt 0:00:00]} 48. h5 {[%emt 0:00:00]} Kc5 {[%emt 0:00:00]} 49. h6 {[%emt 0:00:00]} Kxb5 {[%emt 0:00:00]} 50. h7 {[%emt 0:00:00]} Kc4 {[%emt 0:00:00]} 51. h8=Q {[%emt 0:00:00]} Kb4 {[%emt 0:00:00]} 52. Qd4+ {[%emt 0:00:01]} Kb5 {[%emt 0:00:01]} 53. g4 {[%emt 0:00:00]} Kc6 {[%emt 0:00:00]} 54. g5 {[%emt 0:00:00]} Kb5 {[%emt 0:00:00]} 55. g6 {[%emt 0:00:00]} Kc6 {[%emt 0:00:00]} 56. g7 {[%emt 0:00:00]} Kb5 {[%emt 0:00:00]} 57. g8=Q {[%emt 0:00:01]} Kc6 {[%emt 0:00:00]} 58. Qc8+ {[%emt 0:00:01]} Kb5 {[%emt 0:00:01]} 59. Qb2+ {[%emt 0:00:00] Time (Lag: Av=0.42s, max=1.0s)} 1-0

[Event "164 Stay Safe Play From Home"]
[Site "T#646250Emanuel Laske"]
[Date "2020.05.22"]
[Round "7"]
[White "Lamborghini"]
[Black "Fischer_11"]
[Result "1-0"]
[WhiteElo "2209"]
[BlackElo "2101"]
[Annotator "NA RC"]
[PlyCount "121"]
[EventDate "2020.05.22"]
[EventType "swiss (blitz)"]

1. e4 {[%emt 0:00:01]} Nf6 {[%emt 0:00:01]} 2. e5 {[%emt 0:00:01]} Nd5 {[%emt 0:00:00]} 3. d4 {[%emt 0:00:00]} d6 {[%emt 0:00:01]} 4. Nf3 {[%emt 0:00:01]} dxe5 {[%emt 0:00:01]} 5. Nxe5 {[%emt 0:00:01]} Nd7 {[%emt 0:00:00]} 6. Nxf7 {[%emt 0:00:01]} Kxf7 {[%emt 0:00:00]} 7. Qh5+ {[%emt 0:00:01]} Ke6 {[%emt 0:00:00]} 8. c4 {[%emt 0:00:01]} N5f6 {[%emt 0:00:03]} 9. d5+ {[%emt 0:00:01]} Kd6 {[%emt 0:00:01]} 10. c5+ {[%emt 0:00:01]} Nxc5 {[%emt 0:00:02]} 11. Bf4+ {[%emt 0:00:02]} Kd7 {[%emt 0:00:04]} 12. Bb5+ {[%emt 0:00:02]} c6 {[%emt 0:00:02]} 13. dxc6+ {[%emt 0:00:01]} bxc6 {[%emt 0:00:03]} 14. Qxc5 {[%emt 0:00:01]} Ke8 {[%emt 0:00:01]} 15. Bxc6+ {[%emt 0:00:01]} Bd7 {[%emt 0:00:01]} 16. Bxa8 {[%emt 0:00:02]} Qxa8 {[%emt 0:00:05]} 17. O-O {[%emt 0:00:01]} e5 {[%emt 0:00:02]} 18. Qxe5+ {[%emt 0:00:01]} Kf7 {[%emt 0:00:01]} 19. Nc3 {[%emt 0:00:01]} Be7 {[%emt 0:00:03]} 20. Bg5 {[%emt 0:00:01]} h6 {[%emt 0:00:02]} 21. Bxf6 {[%emt 0:00:01]} Bxf6 {[%emt 0:00:00]} 22. Qd5+ {[%emt 0:00:01]} Qxd5 {[%emt 0:00:02]} 23. Nxd5 {[%emt 0:00:00]} Bxb2 {[%emt 0:00:01]} 24. Rab1 {[%emt 0:00:01]} Bd4 {[%emt 0:00:01]} 25. Rfd1 {[%emt 0:00:02]} Bc5 {[%emt 0:00:02]} 26. Rbc1 {[%emt 0:00:02]} Ba3 {[%emt 0:00:03]} 27. Rc7 {[%emt 0:00:01]} Rd8 {[%emt 0:00:03]} 28. Nb6 {[%emt 0:00:03]} axb6 {[%emt 0:00:01]} 29. Rdxd7+ {[%emt 0:00:01]} Rxd7 {[%emt 0:00:00]} 30. Rxd7+ {[%emt 0:00:01]} Kf6 {[%emt 0:00:01]} 31. g3 {[%emt 0:00:01]} Bc5 {[%emt 0:00:01]} 32. Rb7 {[%emt 0:00:00]} g6 {[%emt 0:00:01]} 33. Kg2 {[%emt 0:00:00]} h5 {[%emt 0:00:00]} 34. a4 {[%emt 0:00:00]} Ke6 {[%emt 0:00:01]} 35. Rc7 {[%emt 0:00:01]} Kd6 {[%emt 0:00:01]} 36. Rg7 {[%emt 0:00:01]} Bd4 {[%emt 0:00:01]} 37. Rxg6+ {[%emt 0:00:01]} Kd5 {[%emt 0:00:00]} 38. h4 {[%emt 0:00:00]} b5 {[%emt 0:00:00]} 39. axb5 {[%emt 0:00:01]} Kc5 {[%emt 0:00:01]} 40. Rg5+ {[%emt 0:00:00]} Kb6 {[%emt 0:00:01]} 41. Rxh5 {[%emt 0:00:00]} Bc5 {[%emt 0:00:00]} 42. Rg5 {[%emt 0:00:00]} Kxb5 {[%emt 0:00:00]} 43. Rxc5+ {[%emt 0:00:01]} Kxc5 {[%emt 0:00:00]} 44. h5 {[%emt 0:00:00]} Kd6 {[%emt 0:00:00]} 45. g4 {[%emt 0:00:00]} Ke7 {[%emt 0:00:00]} 46. f4 {[%emt 0:00:00]} Kf8 {[%emt 0:00:00]} 47. Kf3 {[%emt 0:00:00]} Kg8 {[%emt 0:00:00]} 48. Ke4 {[%emt 0:00:00]} Kh8 {[%emt 0:00:00]} 49. Kf5 {[%emt 0:00:00]} Kg8 {[%emt 0:00:00]} 50. Kg5 {[%emt 0:00:00]} Kh8 {[%emt 0:00:00]} 51. Kg6 {[%emt 0:00:00]} Kg8 {[%emt 0:00:00]} 52. Kh6 {[%emt 0:00:00]} Kh8 {[%emt 0:00:00]} 53. Kg6 {[%emt 0:00:00]} Kg8 {[%emt 0:00:00]} 54. Kf6 {[%emt 0:00:00]} Kh8 {[%emt 0:00:00]} 55. Kf7 {[%emt 0:00:00]} Kh7 {[%emt 0:00:01]} 56. g5 {[%emt 0:00:00]} Kh8 {[%emt 0:00:00]} 57. f5 {[%emt 0:00:01]} Kh7 {[%emt 0:00:00]} 58. g6+ {[%emt 0:00:00]} Kh8 {[%emt 0:00:00]} 59. g7+ {[%emt 0:00:00]} Kh7 {[%emt 0:00:00]} 60. g8=Q+ {[%emt 0:00:01]} Kh6 {[%emt 0:00:00]} 61. Qg6# {[%emt 0:00:01] (Lag: Av=0.31s, max=0.6s)} 1-0

[Event "164 Stay Safe Play From Home"]
[Site "T#646250Emanuel Laske"]
[Date "2020.05.22"]
[Round "7"]
[White "SoulofWolf"]
[Black "Mepe_Nika"]
[Result "0-1"]
[WhiteElo "2112"]
[BlackElo "2351"]
[Annotator "RC"]
[PlyCount "50"]
[EventDate "2020.05.22"]
[EventType "swiss (blitz)"]

1. d4 {[%emt 0:00:00]} d5 {[%emt 0:00:01]} 2. Nf3 {[%emt 0:00:00]} Nf6 {[%emt 0:00:01]} 3. c4 {[%emt 0:00:00]} c6 {[%emt 0:00:01]} 4. Bg5 {[%emt 0:00:00]} Ne4 {[%emt 0:00:01]} 5. Bf4 {[%emt 0:00:00]} Qb6 {[%emt 0:00:01]} 6. Qb3 {[%emt 0:00:01]} Bf5 {[%emt 0:00:01]} 7. Qb5 {[%emt 0:00:01]} cxb5 {[%emt 0:00:01]} 8. c5 {[%emt 0:00:01]} Qa5+ {[%emt 0:00:01]} 9. Nfd2 {[%emt 0:00:02]} Nc6 {[%emt 0:00:01]} 10. f3 {[%emt 0:00:01]} Nxd2 {[%emt 0:00:01]} 11. Bxd2 {[%emt 0:00:00]} Qd8 {[%emt 0:00:01]} 12. e3 {[%emt 0:00:00]} e5 {[%emt 0:00:01]} 13. Bxb5 {[%emt 0:00:03]} Bxb1 {[%emt 0:00:01]} 14. Rxb1 {[%emt 0:00:01]} exd4 {[%emt 0:00:00]} 15. exd4 {[%emt 0:00:01]} Be7 {[%emt 0:00:00]} 16. O-O {[%emt 0:00:01]} O-O {[%emt 0:00:01]} 17. Bc3 {[%emt 0:00:00]} Bf6 {[%emt 0:00:01]} 18. Rbd1 {[%emt 0:00:01]} a6 {[%emt 0:00:01]} 19. Ba4 {[%emt 0:00:00]} Re8 {[%emt 0:00:01]} 20. Bc2 {[%emt 0:00:01]} Re2 {[%emt 0:00:02]} 21. Bd3 {[%emt 0:00:01]} Re7 {[%emt 0:00:01]} 22. Bc2 {[%emt 0:00:03]} Qd7 {[%emt 0:00:01]} 23. g4 {[%emt 0:00:01]} Rae8 {[%emt 0:00:01]} 24. Bf5 {[%emt 0:00:01]} Qc7 {[%emt 0:00:02]} 25. Kf2 {[%emt 0:00:02]} Qxh2# {[%emt 0:00:01] (Lag: Av=0.37s, max=0.9s)} 0-1

[Event "164 Stay Safe Play From Home"]
[Site "T#646250Emanuel Laske"]
[Date "2020.05.22"]
[Round "7"]
[White "Weltszmerc"]
[Black "Klausen"]
[Result "1/2-1/2"]
[WhiteElo "2061"]
[BlackElo "1811"]
[Annotator "TA"]
[PlyCount "61"]
[EventDate "2020.05.22"]
[EventType "swiss (blitz)"]

{[%evp 15,61,21,37,31,29,-70,-69,-76,-61,-62,-59,-41,-43,-120,-86,-140,-56,-56,-55,-66,-54,-54,-52,-48,-41,-54,35,20,10,-29,-37,-43,-49,-44,-4,-25,0,-765,-118,-133,0,0,0,-125,0,0,0,-123]} 1. d4 e6 2. c4 Bb4+ 3. Bd2 Qe7 4. Nf3 Nf6 5. g3 Nc6 6. Bg2 Bxd2+ 7. Nbxd2 d6 8. O-O O-O 9. e4 {E11: Bogo-Indian.} e5 10. dxe5 (10. d5 $11 Nb8 11. Ne1) 10... dxe5 $15 11. Re1 {Black is slightly better.} Bg4 {[#]} 12. h3 $146 ({Predecessor:} 12. Qb3 a5 13. a3 a4 14. Qc3 Nd7 15. Nh4 g6 16. Nf1 Nd4 17. f3 Be6 18. Ne3 {0-1 (50) Osthoff,M (2101)-Loew,G (2262) Bad Wiessee 2015}) 12... Bh5 13. g4 Bg6 14. Qc2 ({White should try} 14. Qb3 $15) 14... Rad8 15. a3 {[#]} (15. Qb3 $142) 15... Nd4 (15... h5 $1 $17 16. g5 Nh7) 16. Nxd4 Rxd4 17. Nf3 Rxe4 ({Of course not} 17... Bxe4 $6 18. Qc3 $11) 18. Qc3 Rxe1+ 19. Rxe1 e4 20. Ne5 Re8 (20... h6 $15) 21. Nxg6 $14 hxg6 ({Reject} 21... fxg6 $6 22. g5 $16) 22. Qd4 c5 23. Qe3 b6 $36 {[%mdl 2048] Black is more active.} 24. g5 Nh5 25. Bxe4 Qe5 26. f3 $2 {[%mdl 8192] [#]} (26. Bc6 $11 Qxe3 27. Rxe3) 26... Nf4 $2 (26... Qg3+ $19 27. Kf1 Qh2) 27. h4 $17 Nh3+ 28. Kg2 Nf4+ 29. Kg1 $1 Nh3+ 30. Kg2 Nf4+ 31. Kg1 $1 {Accuracy: White = 62%, Black = 49%.} 1/2-1/2